000
00374nam a22001217a 4500
003
SGT
082
_a
891.4309
_b
S21M
100
_a
सिंह, ओमप्रकाश
245
_a
आचार्य नरेंद्रदेव ग्रंथावली
260
_b
के. एल. पचौरी प्रकाशन
_c
2021
300
_a
453
942
_2
ddc
_c
BK
999
_c
31229
_d
31229